Capitali più vicine all'Equatore - Morte improvvisa - Statistics

Statistiche generali
  • Questo quiz è stato fatto 81 volte
  • Il punteggio medio è 2 su 15
Answers on the Grid
Answers color-coded by a green-red scale on the quiz's grid according to % correct below.
Quito
Kampala
São Tomé
Libreville
Yaren
Nairobi
Singapore
Tarawa Sud
Kigali
Mogadiscio
Kuala Lumpur
Gitega
Malabo
Yaoundé
Malé
Brazzaville
Kinshasa
Bangui
Bogotá
Victoria
Giuba
Bandar Seri Begawan
Accra
Paramaribo
Lomé
Dodoma
Giacarta
Monrovia
Porto-Novo
Georgetown
 
Statistiche sulle risposte
Risposta % Corretto
Quito
57%
São Tomé
30%
Nairobi
25%
Kuala Lumpur
20%
Mogadiscio
14%
Yaoundé
14%
Libreville
11%
Singapore
11%
Malabo
7%
Gitega
5%
Kigali
5%
Malé
5%
Tarawa Sud
5%
Kampala
2%
Yaren
2%
Nessun quiz corrispondente trovato
Distribuzione punteggi
Percentuale di utenti per punteggio
Percentile per numero di risposta
I tuoi punteggi nel tempo
Non hai fatto questo quiz